| 000 | 00475nam a2200181 a 4500 | ||
|---|---|---|---|
| 005 | 20140412111248.0 | ||
| 008 | 020515s19uu xx 00 eng d | ||
| 020 | _a0-439-18787-7 | ||
| 050 |
_aER _bAl1 1999 |
||
| 100 | _aBynum, Janie | ||
| 245 |
_aAltoona Baboona / _cJanie Bynum. |
||
| 260 |
_aNew York : _bScholastic Inc, _c1999. |
||
| 300 | _a[31] p. ; ill. | ||
| 650 |
_aMonkeys _xFiction |
||
| 650 |
_aChilden stories _xFiction |
||
| 999 |
_c103028 _d103028 |
||